Statistics for Asian Countries Americans Travel to the Most

Click here to take the quiz!

General Stats

  • This quiz has been taken 37,212 times
    (37,186 since last reset)
  • The average score is 8 of 10

Answer Stats

# VisitsCountry% Correct
1,770,000China
100%
885,000Japan
99%
1,082,000India
96%
492,000South Korea
90%
459,000Thailand
89%
820,000Philippines
74%
426,000Turkey
66%
557,000Taiwan
65%
426,000United Arab Emirates
64%
557,000Israel
62%

Score Distribution

Percentile by Number Answered

Percent of People with Each Score

Your Score History

You have not taken this quiz since the last reset